000 00312nam a22001217a 4500
020 _aNA
082 _222
_a621.381075
100 _aStaff of Seasearch and Education Associosion.
245 _aThe electronics problem solver /
260 _aREA,
_bREA,
_cc1987
300 _a1295 p,;
_bNA
_c24cm.
942 _2ddc
_cECE
999 _c2039
_d2039